| 000 | 00840nam a2200289 a 4500 | ||
|---|---|---|---|
| 999 |
_c16905 _d16905 |
||
| 001 | 2818398 | ||
| 003 | EG-ScBUE | ||
| 005 | 20210321111434.0 | ||
| 008 | 821110t1982 enka f 000 d eng d | ||
| 020 | _a0573114013 | ||
| 020 | _a9780573114014 | ||
| 040 |
_aDLC _beng _erda _cDLC _dDLC _dEG-ScBUE |
||
| 082 | 0 | 4 |
_a822.914 _bAYC _222 |
| 100 | 1 |
_aAyckbourn, Alan, _d1939- _eauthor. _930732 |
|
| 245 | 1 | 0 |
_aSeason's greetings : _ba play / _cAlan Ayckbourn. |
| 264 | 1 |
_aLondon : _bSamuel French, _c[1982] |
|
| 264 | 4 | _cc1982 | |
| 300 |
_a85 pages : _billustrations ; _c22 cm |
||
| 336 |
_2rdacontent _atext _btxt |
||
| 337 |
_2rdamedia _aunmediated _bn |
||
| 338 |
_2rdacarrier _avolume _bnc |
||
| 650 | 7 |
_924969 _aChristmas plays. _2BUEsh |
|
| 650 | 7 |
_aPlays _y20th century. _2BUEsh |
|
| 651 | _2BUEsh | ||
| 653 | _cJuly2012 | ||
| 942 |
_2ddc _cBB |
||